| 000 | 01164cam a2200241 4500 | ||
|---|---|---|---|
| 001 | WB@3612-883 | ||
| 008 | 040915n2004 000 0 eng u | ||
| 035 | _a(Sirsi) u127401 | ||
| 245 | _aWaste management | ||
| 260 | _c2004 | ||
| 490 |
_aPlanning (for the Natural and Built Environment) _v3 September 2004, 1(1) |
||
| 520 | _aAccording to a report carried out by Enviros for the ODPM, planners have only scant experience of latest waste disposal methods. "Planning for waste management facilities", which can be viewed at: http://www.odpm.gov.uk/stellent/groups/odpm_planni ng/documents/page/odpm_plan_030747.pdf, found that while authorities have good knowledge of traditional waste management, they do not have much experience of dealing with applications for techniques like anaerobic digestion. Also recovery of waste materials in the waste stream for recycling and composting must increase. | ||
| 590 | _aWB | ||
| 590 | _aWB | ||
| 650 | _aWASTE PLANNING | ||
| 650 | _aRECYCLING | ||
| 650 | _aPLANNING SYSTEM | ||
| 650 | _aLOCAL AUTHORITIES | ||
| 650 | _aLANDFILL | ||
| 650 | _aHOUSEHOLD WASTE | ||
| 690 | _aWASTE MANAGEMENT | ||
| 942 | _n0 | ||
| 999 |
_c118000 _d118000 |
||